00575 2200217 4500001002100000005001500021035002000036007000300056008004100059020002200100082001300122084001900135100002300154245005000177250001100227260004600238300002500284650002600309990001100335990001100346INLIS00000000000041520170930094938 a0010-0917000401ta170930 f 0 ind  a978-979-592-369-2 a2 x 9. 7 a2 x 9. 7 FAR 60 aFarid, Saikh Ahmad1 a60 Biografi Ulama Salaf /cSyaikh Ahmad Farid aCet. 8 aJakarta Timur :bPustaka Alkautsar,c2016 a900hlm ;c16 x 25 cm aBiografi Tokoh Muslim a14795a a14795b